| 000 | 01057nam a2200217Ia 4500 | ||
|---|---|---|---|
| 999 |
_c43863 _d43863 |
||
| 001 | 10612 | ||
| 003 | GE_BSU | ||
| 005 | 20250414114940.0 | ||
| 008 | 181216s2010||||ge |||||||||||||| ||geo|| | ||
| 020 | _a9789941131592 | ||
| 040 | _cGE_BSU | ||
| 041 | _ageo | ||
| 080 | _a551.4(075.8) ც–98 | ||
| 100 |
_aცხოვრებაშვილი, შოთა _924777 |
||
| 245 |
_aზოგადი გეომორფოლოგია / _cშოთა ცხოვრებაშვილი; რედ:ზურაბ ტატაშიძე; ივანე ჯავახიშვილის თბილისის სახელმწიფო უნივერსიტეტი. |
||
| 264 |
_aთბილისი : _bთბილ.უნ–ტის გამ–ბა, _c2010. |
||
| 300 |
_a280 გვ.; _b24 სმ. |
||
| 504 | _aბიბლიოგრ.გვ:268–269. გეოგრაფიული საძ.გვ:274–278. | ||
| 653 | _aზოგადი გეომორფოლოგია | ||
| 942 |
_cBK _2udc |
||